The fundamentals of drawing / (Record no. 608342)
[ view plain ]
| 000 -LEADER | |
|---|---|
| fixed length control field | 01156cam a2200325 a 4500 |
| 001 - CONTROL NUMBER | |
| control field | 13587801 |
| 003 - CONTROL NUMBER IDENTIFIER | |
| control field | OSt |
| 005 - DATE AND TIME OF LATEST TRANSACTION | |
| control field | 20240227130507.0 |
| 008 - FIXED-LENGTH DATA ELEMENTS--GENERAL INFORMATION | |
| fixed length control field | 040510s2003 nyua 000 0 eng d |
| 010 ## - LIBRARY OF CONGRESS CONTROL NUMBER | |
| LC control number | 2004272607 |
| 020 ## - INTERNATIONAL STANDARD BOOK NUMBER | |
| International Standard Book Number | 0760747148 |
| 020 ## - INTERNATIONAL STANDARD BOOK NUMBER | |
| International Standard Book Number | 9781841933177 |
| 035 ## - SYSTEM CONTROL NUMBER | |
| System control number | (OCoLC)ocm53405973 |
| 040 ## - CATALOGING SOURCE | |
| Original cataloging agency | VPW |
| Transcribing agency | VPW |
| Modifying agency | OCLCQ |
| -- | DLC |
| 042 ## - AUTHENTICATION CODE | |
| Authentication code | lccopycat |
| 050 00 - LIBRARY OF CONGRESS CALL NUMBER | |
| Classification number | NC730 |
| Item number | .B2923 2003 |
| 082 00 - DEWEY DECIMAL CLASSIFICATION NUMBER | |
| Classification number | 741.2 |
| Edition number | 22 |
| Author Mark | BAR 2002 |
| 100 1# - MAIN ENTRY--PERSONAL NAME | |
| Personal name | Barber, Barrington |
| Titles and words associated with a name | (Artist) |
| 9 (RLIN) | 121487 |
| 245 14 - TITLE STATEMENT | |
| Title | The fundamentals of drawing / |
| Statement of responsibility, etc. | [Barrington Barber]. |
| 246 30 - VARYING FORM OF TITLE | |
| Title proper/short title | Drawing |
| 246 1# - VARYING FORM OF TITLE | |
| Display text | Subtitle on cover: |
| Title proper/short title | complete professional course for artists |
| 260 ## - PUBLICATION, DISTRIBUTION, ETC. | |
| Place of publication, distribution, etc. | New York : |
| Name of publisher, distributor, etc. | Barnes and Noble, |
| Date of publication, distribution, etc. | 2002. |
| 300 ## - PHYSICAL DESCRIPTION | |
| Extent | 208 p. : |
| Other physical details | ill. ; |
| Dimensions | 31 cm. |
| 650 #0 - SUBJECT ADDED ENTRY--TOPICAL TERM | |
| Topical term or geographic name entry element | Drawing |
| Form subdivision | Technique. |
| 9 (RLIN) | 121488 |
| 856 42 - ELECTRONIC LOCATION AND ACCESS | |
| Materials specified | Publisher description |
| Uniform Resource Identifier | <a href="http://www.loc.gov/catdir/description/ste051/2004272607.html">http://www.loc.gov/catdir/description/ste051/2004272607.html</a> |
| 906 ## - LOCAL DATA ELEMENT F, LDF (RLIN) | |
| a | 7 |
| b | cbc |
| c | copycat |
| d | 2 |
| e | ncip |
| f | 20 |
| g | y-gencatlg |
| 942 ## - ADDED ENTRY ELEMENTS (KOHA) | |
| Source of classification or shelving scheme | |
| Koha item type | Book |
| Institution code [OBSOLETE] | SADA |
| Call number prefix | 741.2 BAR 2002 |
| Withdrawn status | Lost status | Source of classification or shelving scheme | Damaged status | Not for loan | Permanent Location | Current Location | Date acquired | Source of acquisition | Total Checkouts | Full call number | Barcode | Date last seen | Date last checked out | Price effective from | Koha item type |
|---|---|---|---|---|---|---|---|---|---|---|---|---|---|---|---|
| School of Art Design and Architecture (SADA) | School of Art Design and Architecture (SADA) | 05/09/2019 | Donation | 1 | 741.2 BAR 2002 | SADAD0000419 | 04/18/2025 | 03/26/2025 | 02/27/2024 | Book |
